MDQL
is popping MORE tags! Check the
thread
!
Quizzes
Events
Quiz Creation
Community
Videos
Private Events
Remove Ads
Sign In
Join for FREE
Feedback
Dark Mode
Quiz Categories
Sports
Geography
Music
Movies
Television
Just For Fun
Miscellaneous
History
Literature
Language
Science
Gaming
Entertainment
Religion
Holiday
For Kids
Quiz Lab
Recent
Popular Today
Quiz Kudos Today
Editor Picks
Curator Picks
Quizzes by...
Day
Popularity
Type
Ratings
Length
Year
Community
Subscriptions
Recent Discussions
Orange Saloon
Badges
Playlists
Quests
Create
Leaderboards
Showdown
Live 5
Trivia Bingo
Activity
Puzzle Library
Sporcle Events
Private Events
Virtual Trivia
Globe League
Become a Host
Pub Owners
SporcleCon
Opinionation
Our Games
Videos
Blog
Mobile Apps
Partnerships
Remove Ads and Go Orange
Feedback
Language
Vocabulary
Begins and Ends
Definition
Spanish
French
German
Italian
Chinese
Latin
Translation
Japanese
Language
Vocabulary
Begins and Ends
Definition
Spanish
French
German
Italian
Chinese
Latin
Translation
Japanese
Random Quiz
Search Sporcle
×
Quiz Lab
Quiz Lab
Language
Lord of the Rings
Type in answers that appear in a list
Type in answers that appear in a list
Classic
Best Score? Go Orange.
The Lord of the Rings in Other Languages Stats
Can you name the language to these LOTR titles?
By
adamk17
6m
15 Questions
448 Plays
448 Plays
448 Plays
Comments
Comments
Give Quiz Kudos
Give Quiz Kudos
-
- Ratings
hide this ad
Forced Order
Answers have to be entered in order
Answers have to be entered in order
Random Order
Randomize order of answers
Randomize order of answers
Replay
Link that replays current quiz
Next Quiz
Link to next quiz in quiz playlist
You Got
0%
They Got
Avg Score
58%
Avg Friend Score
Upgrade to see
Score Distribution
Jump to the score distribution portion of the page
Score
0/15
Timer
06:00
0
Plays Today
Title
Language
% Correct
The Lord of the Rings
English
94.9%
El Señor de los Anillos
Spanish
91.3%
Der Herr der Ringe
German
90.6%
Le Seigneur des anneaux
French
88.6%
指輪物語
Japanese
81.9%
Dominus Anulorum
Latin
78.1%
Władca Pierścieni
Polish
61.2%
O Senhor dos Anéis
Portuguese
60.7%
Title
Language
% Correct
魔戒
Mandarin
56.9%
Sagan om ringen
Swedish
48%
Yüzüklerin Efendisi
Turkish
42%
Pán prstenů
Czech
24.6%
A Gyűrűk Ura
Hungarian
24.1%
El Senyor dels Anells
Catalan
22.1%
Žiedų valdovas
Latvian
14.3%
Quiz Playlist
Details
Report
Send in Message
Add To Playlist
Classic:
Type in answers that appear in a list
Forced Order:
Answers have to be entered in order
Random Order:
Randomize order of answers
Last Updated: Feb 16, 2017
Quiz Scoreboard
CHALLENGE
Sign Up to Join the Scoreboard
Show All
Scores
Hide
Comments
May contain spoilers
Recently Published
Find the 'City' Movie
by crazypaving
Movies
60s
5x2 Blitz: Bands
by SL_Kpop136
Music
30s
Colored Red Africa Blitz
by spor1
Geography
30s
More to Explore
Quiz From the Vault
Featured Blog Post
14 Easter Pick-up Lines to Find Eggs With
hide this ad
You Might Also Like...
Tags
Lord of the Rings Quiz
Fantasy
JRR Tolkien
Today's Top Quizzes in Language
Browse Language
hide this ad
Today's Top Quizzes in Lord of the Rings
Browse Lord of the Rings
Top Contributed Quizzes in Language
1
What Word Starts All?
2
Arabic Numerals
3
1-10 Letter F Words III
4
1-10 Letter G Words III
5
1-10 Letter H Words III
6
1-10 Letter I Words III
7
Latihan Huruf Hiragana KA KI KU KE KO
8
Weisst du, aus welchen Sprachen diese Wörter stammen?
9
1-10 Letter J Words III
10
1-10 Letter K Words III
Explore More
Trending Topics
Marvel
Harry Potter
NBA
Disney
Kpop
Crossword
Anime
NFL
Soccer
Pokémon
WWE
Song
Puzzle
Country
The Office
hide this ad
More By:
adamk17
Quiz
Plays
Rating
Category
Featured
Created
Countries Where Alcohol is Illegal
2,390
3.56
Geography
Jan 25, 2011
History and Geography Facts Chain 2
1,080
3.50
History
Dec 8, 2010
History and Geography Facts Chain 3
1,069
1.64
History
Dec 10, 2010
Advanced Spanish Vocabulary
951
5.00
Language
Dec 9, 2010
Royals who could become King or Queen of England
855
4.38
Geography
Apr 29, 2011
Go to Creator's Profile
Score Distribution
Quiz Creator Spotlight
adamk17
Follow
Send a Message
Quizzes Created
-
Created Quiz Play Count
-
More By This Creator
Popular Quizzes Today
1
Colored Red Africa Blitz
2
Find the 'City' Movie
3
Find the US States - No Outlines Minefield
4
5x2 Blitz: Bands
5
The Countries of the World
6
Find the US States
7
US States
8
Find the Countries of Europe - No Outlines Minefield
More Language Quizzes
Anagram Word Building XX
Published
Trending Quizzes
Colored Red Europe Blitz I
Colored Red Europe Blitz II
Colored Red Africa Blitz II
Colored Red Europe Blitz III
Colored Red Africa Blitz III
Recently Updated
How Do You Spell That?
pecheneg
Godzilla Movies
pecheneg
Grab Bag: 4-10 Letters
pecheneg
2024 March Madness Bracket
pecheneg
Famous TV Couples
Peacemaker
Champions League XIs: Real Madrid
pecheneg
Largest US Cities 1790-2010
pecheneg
Rides in Walt Disney World
pecheneg
Most Oscar Losses (Acting)
pecheneg
Beyoncé Albums
pecheneg
Trending Topics
Disney
Harry Potter
Kpop
NBA
Crossword
Anime
Marvel
Pokémon
Country
Song
Soccer
NFL
WWE
Puzzle
The Office
Your Account Isn't Verified!
In order to create a playlist on Sporcle, you need to verify the email address you used during registration. Go to your
Sporcle Settings
to finish the process.
Report this User
Report this user for behavior that violates our
Community Guidelines
.
Details:
Send Report
Go to the Sporcle.com Mobile Site →
Comments